[Event "DVM U10 2023"]
[Site "Magdeburg GER"]
[Date "2023.12.27"]
[Round "2"]
[White "Kukhtichev, Maksim"]
[Black "Andersen, Jonathan"]
[Result "1/2-1/2"]
[Termination "normal"]
[Board "5.1"]
[WhiteElo "1399"]
[BlackElo "1488"]
[WhiteClock "00:13:23"]
[BlackClock "00:01:48"]
[WhiteTeam "SK Bad Homburg 1927"]
[BlackTeam "SK Johanneum Eppendorf"]
[PlyCount "87"]
[WhiteFideId "34638881"]
[BlackFideId "34623884"]
[EventCountry "GER"]
[EventRounds "7"]
[EventType "team-swiss"]
[EventDate "2023.12.27"]

1. e4 {[%clk 00:55:08]} {[%emt 00:00:02]} e5 {[%clk 00:55:05]} {[%emt
00:00:05]} 2. Nf3 {[%clk 00:55:08]} {[%emt 00:00:05]} Nc6 {[%clk 00:55:06]}
{[%emt 00:00:04]} 3. d4 {[%clk 00:55:09]} {[%emt 00:00:04]} exd4 {[%clk
00:55:07]} {[%emt 00:00:05]} 4. Bc4 {[%clk 00:55:10]} {[%emt 00:00:05]} Nf6
{[%clk 00:55:02]} {[%emt 00:00:10]} 5. O-O {[%clk 00:55:04]} {[%emt 00:00:10]}
d6 {[%clk 00:54:39]} {[%emt 00:00:28]} 6. Nxd4 {[%clk 00:54:18]} {[%emt
00:00:51]} Be7 {[%emt 00:00:13]} 7. Nxc6 {[%clk 00:54:09]} {[%emt 00:00:12]}
bxc6 {[%clk 00:54:32]} {[%emt 00:00:06]} 8. Nc3 {[%clk 00:53:39]} {[%emt
00:00:35]} O-O {[%emt 00:00:09]} 9. Qf3 {[%clk 00:52:28]} {[%emt 00:01:13]} Be6
{[%emt 00:01:30]} 10. Bb3 {[%clk 00:51:34]} {[%emt 00:00:09]} Qd7 {[%clk
00:53:33]} {[%emt 00:00:27]} 11. Rd1 {[%clk 00:50:58]} {[%emt 00:00:41]} Bg4
{[%clk 00:53:06]} {[%emt 00:00:32]} 12. Qd3 {[%clk 00:50:05]} {[%emt 00:00:59]}
Bxd1 {[%clk 00:52:37]} {[%emt 00:00:34]} 13. Qxd1 {[%emt 00:01:09]} Rfe8 {[%emt
00:01:15]} 14. e5 {[%clk 00:48:50]} {[%emt 00:00:32]} dxe5 {[%clk 00:50:56]}
{[%emt 00:00:21]} 15. Qxd7 {[%clk 00:48:25]} {[%emt 00:00:30]} Nxd7 {[%emt
00:00:10]} 16. Be3 {[%clk 00:47:45]} {[%emt 00:00:44]} Nc5 {[%clk 00:49:45]}
{[%emt 00:01:12]} 17. Bxc5 {[%clk 00:47:25]} {[%emt 00:00:24]} Bxc5 {[%clk
00:49:43]} {[%emt 00:00:07]} 18. Ba4 {[%clk 00:46:10]} {[%emt 00:01:21]} Red8
{[%clk 00:48:44]} {[%emt 00:01:04]} 19. Bxc6 {[%clk 00:45:43]} {[%emt
00:00:32]} Rab8 {[%clk 00:48:24]} {[%emt 00:00:25]} 20. Ba4 {[%clk 00:40:21]}
{[%emt 00:05:28]} Rd2 {[%clk 00:48:06]} {[%emt 00:00:23]} 21. Ne4 {[%clk
00:39:30]} {[%emt 00:00:55]} Bxf2+ {[%clk 00:45:31]} {[%emt 00:02:40]} 22. Nxf2
{[%clk 00:39:24]} {[%emt 00:00:10]} a5 {[%clk 00:44:31]} {[%emt 00:01:06]} 23.
Bb3 {[%clk 00:36:04]} {[%emt 00:03:25]} Rd4 {[%clk 00:41:04]} {[%emt 00:03:31]}
24. c3 {[%clk 00:34:49]} {[%emt 00:01:21]} Rd2 {[%clk 00:40:27]} {[%emt
00:00:42]} 25. Rf1 {[%clk 00:31:29]} {[%emt 00:03:25]} a4 {[%clk 00:35:22]}
{[%emt 00:05:10]} 26. Ne4 {[%clk 00:31:17]} {[%emt 00:00:17]} Re2 {[%clk
00:32:49]} {[%emt 00:02:37]} 27. Bxf7+ {[%clk 00:31:01]} {[%emt 00:00:22]} Kh8
{[%clk 00:32:49]} {[%emt 00:00:05]} 28. Nc5 {[%clk 00:28:51]} {[%emt 00:02:15]}
Rbxb2 {[%clk 00:31:47]} {[%emt 00:01:06]} 29. Bd5 {[%clk 00:28:14]} {[%emt
00:00:39]} h6 {[%clk 00:28:45]} {[%emt 00:03:11]} 30. Nxa4 {[%clk 00:26:27]}
{[%emt 00:01:52]} Rbd2 {[%clk 00:27:06]} {[%emt 00:01:44]} 31. Bf3 {[%clk
00:25:37]} {[%emt 00:00:55]} Re3 {[%clk 00:26:44]} {[%emt 00:00:27]} 32. Nc5
{[%clk 00:25:22]} {[%emt 00:00:20]} Rxa2 {[%clk 00:26:11]} {[%emt 00:00:39]}
33. Be4 {[%clk 00:23:58]} {[%emt 00:01:30]} g6 {[%clk 00:25:28]} {[%emt
00:00:48]} 34. Bxg6 {[%clk 00:22:37]} {[%emt 00:01:26]} Rae2 {[%clk 00:18:02]}
{[%emt 00:07:30]} 35. c4 {[%clk 00:19:53]} {[%emt 00:02:49]} Re1 {[%clk
00:14:06]} {[%emt 00:04:01]} 36. Ne6 {[%clk 00:17:57]} {[%emt 00:02:01]} c6
{[%clk 00:12:57]} {[%emt 00:01:14]} 37. Nd8 {[%clk 00:16:15]} {[%emt 00:01:47]}
Kg7 {[%clk 00:12:30]} {[%emt 00:00:32]} 38. Bd3 {[%clk 00:14:37]} {[%emt
00:01:43]} e4 {[%clk 00:09:09]} {[%emt 00:03:27]} 39. Bc2 {[%clk 00:14:18]}
{[%emt 00:00:23]} R1e2 {[%clk 00:05:51]} {[%emt 00:03:23]} 40. Rf2 {[%clk
00:13:32]} {[%emt 00:00:50]} Re1+ {[%clk 00:04:23]} {[%emt 00:01:34]} 41. Rf1
{[%clk 00:13:30]} {[%emt 00:00:07]} R1e2 {[%clk 00:04:20]} {[%emt 00:00:08]}
42. Rf2 {[%clk 00:13:27]} {[%emt 00:00:08]} Re1+ {[%clk 00:02:10]} {[%emt
00:02:14]} 43. Rf1 {[%clk 00:13:25]} {[%emt 00:00:07]} R1e2 {[%clk 00:01:48]}
{[%emt 00:00:28]} 44. Rf2 {[%clk 00:13:23]} {[%emt 00:00:06]} 1/2-1/2

[Event "DVM U10 2023"]
[Site "Magdeburg GER"]
[Date "2023.12.27"]
[Round "2"]
[White "Roycroft, Joris Brian"]
[Black "Pflugbeil, Julian"]
[Result "0-1"]
[Termination "normal"]
[Board "5.2"]
[WhiteElo "1031"]
[BlackElo "1284"]
[WhiteClock "00:52:26"]
[BlackClock "00:54:07"]
[WhiteTeam "SK Johanneum Eppendorf"]
[BlackTeam "SK Bad Homburg 1927"]
[PlyCount "26"]
[BlackFideId "34608850"]
[EventCountry "GER"]
[EventRounds "7"]
[EventType "team-swiss"]
[EventDate "2023.12.27"]

1. e4 {[%clk 00:55:09]} {[%emt 01:22:58]} c5 {[%clk 00:55:07]} {[%emt
00:00:03]} 2. f4 {[%clk 00:55:09]} {[%emt 00:00:06]} d5 {[%clk 00:55:09]}
{[%emt 00:00:03]} 3. e5 {[%clk 00:54:55]} {[%emt 00:00:17]} Nc6 {[%clk
00:55:10]} {[%emt 00:00:05]} 4. Nf3 {[%clk 00:54:44]} {[%emt 00:00:16]} Bf5
{[%clk 00:54:48]} {[%emt 00:00:26]} 5. Nc3 {[%clk 00:54:18]} {[%emt 00:00:30]}
d4 {[%clk 00:54:43]} {[%emt 00:00:11]} 6. Ne2 {[%clk 00:54:14]} {[%emt
00:00:07]} d3 {[%clk 00:54:26]} {[%emt 00:00:25]} 7. cxd3 {[%clk 00:54:09]}
{[%emt 00:00:05]} Nb4 {[%clk 00:54:27]} {[%emt 00:00:08]} 8. Ng3 {[%clk
00:53:59]} {[%emt 00:00:14]} Bxd3 {[%clk 00:54:27]} {[%emt 00:00:06]} 9. Bxd3
{[%clk 00:53:53]} {[%emt 00:00:11]} Qxd3 {[%clk 00:54:22]} {[%emt 00:00:10]}
10. Kf2 {[%clk 00:53:27]} {[%emt 00:00:30]} e6 {[%clk 00:54:09]} {[%emt
00:00:19]} 11. a3 {[%clk 00:53:17]} {[%emt 00:00:14]} Nc2 {[%clk 00:54:06]}
{[%emt 00:00:09]} 12. Ra2 {[%clk 00:52:54]} {[%emt 00:00:28]} c4 {[%clk
00:54:07]} {[%emt 00:00:05]} 13. Ne1 {[%clk 00:52:26]} {[%emt 00:00:31]} Bc5#
{[%emt 00:00:06]} 0-1

[Event "DVM U10 2023"]
[Site "Magdeburg GER"]
[Date "2023.12.27"]
[Round "2"]
[White "Beier, Martin"]
[Black "Klofta, Jona"]
[Result "1-0"]
[Termination "normal"]
[Board "5.3"]
[WhiteElo "1321"]
[BlackElo "936"]
[WhiteClock "00:38:01"]
[BlackClock "00:43:30"]
[WhiteTeam "SK Bad Homburg 1927"]
[BlackTeam "SK Johanneum Eppendorf"]
[PlyCount "59"]
[WhiteFideId "34631879"]
[EventCountry "GER"]
[EventRounds "7"]
[EventType "team-swiss"]
[EventDate "2023.12.27"]

1. e4 {[%clk 00:55:08]} {[%emt 00:00:02]} d5 {[%clk 00:55:08]} {[%emt
00:00:02]} 2. exd5 {[%clk 00:55:06]} {[%emt 00:00:07]} Nf6 {[%clk 00:55:08]}
{[%emt 00:00:05]} 3. Bb5+ {[%clk 00:54:53]} {[%emt 00:00:16]} Bd7 {[%clk
00:55:01]} {[%emt 00:00:13]} 4. Bc4 {[%clk 00:54:14]} {[%emt 00:00:44]} Bg4
{[%clk 00:54:21]} {[%emt 00:00:45]} 5. Be2 {[%clk 00:53:55]} {[%emt 00:00:25]}
Bxe2 {[%clk 00:53:57]} {[%emt 00:00:29]} 6. Qxe2 {[%clk 00:53:05]} {[%emt
00:00:54]} Qxd5 {[%clk 00:53:44]} {[%emt 00:00:17]} 7. Nf3 {[%clk 00:52:46]}
{[%emt 00:00:25]} e6 {[%clk 00:53:31]} {[%emt 00:00:19]} 8. d3 {[%clk
00:52:20]} {[%emt 00:00:30]} Qa5+ {[%clk 00:52:55]} {[%emt 00:00:42]} 9. Bd2
{[%clk 00:51:30]} {[%emt 00:00:54]} Bb4 {[%clk 00:52:35]} {[%emt 00:00:25]} 10.
c3 {[%clk 00:51:05]} {[%emt 00:00:31]} Bd6 {[%clk 00:51:51]} {[%emt 00:00:49]}
11. Bg5 {[%clk 00:50:18]} {[%emt 00:00:51]} Nbd7 {[%clk 00:51:36]} {[%emt
00:00:21]} 12. Nbd2 {[%clk 00:49:54]} {[%emt 00:00:29]} h6 {[%clk 00:51:23]}
{[%emt 00:00:17]} 13. Bh4 {[%clk 00:49:04]} {[%emt 00:00:54]} g5 {[%clk
00:51:17]} {[%emt 00:00:12]} 14. Bg3 {[%clk 00:49:03]} {[%emt 00:00:06]} Bxg3
{[%clk 00:50:57]} {[%emt 00:00:25]} 15. hxg3 {[%emt 00:00:11]} O-O-O {[%clk
00:50:47]} {[%emt 00:00:12]} 16. Nc4 {[%clk 00:48:41]} {[%emt 00:00:25]} Qf5
{[%clk 00:50:16]} {[%emt 00:00:35]} 17. O-O-O {[%clk 00:47:17]} {[%emt
00:01:29]} g4 {[%clk 00:49:47]} {[%emt 00:00:34]} 18. Nd4 {[%clk 00:45:47]}
{[%emt 00:01:35]} Qg5+ {[%clk 00:49:22]} {[%emt 00:00:30]} 19. Kb1 {[%clk
00:44:54]} {[%emt 00:00:58]} e5 {[%clk 00:49:11]} {[%emt 00:00:17]} 20. Nb5
{[%clk 00:43:19]} {[%emt 00:01:34]} a6 {[%clk 00:48:25]} {[%emt 00:00:57]} 21.
Nbd6+ {[%clk 00:42:23]} {[%emt 00:01:01]} cxd6 {[%clk 00:47:20]} {[%emt
00:01:09]} 22. Nxd6+ {[%clk 00:42:13]} {[%emt 00:00:15]} Kb8 {[%clk 00:47:10]}
{[%emt 00:00:14]} 23. Nxf7 {[%clk 00:42:08]} {[%emt 00:00:11]} Qg6 {[%clk
00:46:45]} {[%emt 00:00:30]} 24. Nxh8 {[%clk 00:41:44]} {[%emt 00:00:29]} Rxh8
{[%clk 00:46:38]} {[%emt 00:00:12]} 25. Ka1 {[%clk 00:40:48]} {[%emt 00:01:02]}
Re8 {[%clk 00:46:01]} {[%emt 00:00:41]} 26. Qd2 {[%clk 00:40:02]} {[%emt
00:00:52]} h5 {[%clk 00:45:29]} {[%emt 00:00:36]} 27. Rhe1 {[%clk 00:39:07]}
{[%emt 00:00:59]} Qf5 {[%clk 00:44:48]} {[%emt 00:00:46]} 28. d4 {[%clk
00:38:37]} {[%emt 00:00:36]} Nb6 {[%clk 00:43:41]} {[%emt 00:01:13]} 29. dxe5
{[%clk 00:38:01]} {[%emt 00:00:41]} Rxe5 {[%clk 00:43:30]} {[%emt 00:00:15]}
30. Qd6+ {[%emt 00:01:10]} 1-0

[Event "DVM U10 2023"]
[Site "Magdeburg GER"]
[Date "2023.12.27"]
[Round "2"]
[White "Leibold, Neels"]
[Black "Riazi, Dominik"]
[Result "0-1"]
[Termination "normal"]
[Board "5.4"]
[WhiteElo "956"]
[BlackElo "1162"]
[WhiteClock "00:45:14"]
[BlackClock "00:45:25"]
[WhiteTeam "SK Johanneum Eppendorf"]
[BlackTeam "SK Bad Homburg 1927"]
[PlyCount "32"]
[EventCountry "GER"]
[EventRounds "7"]
[EventType "team-swiss"]
[EventDate "2023.12.27"]

1. e4 {[%clk 00:55:09]} e5 {[%clk 00:55:03]} {[%emt 00:00:08]} 2. Nf3 {[%clk
00:55:06]} {[%emt 00:00:07]} Nc6 {[%clk 00:55:04]} {[%emt 00:00:04]} 3. Bc4
{[%clk 00:54:55]} {[%emt 00:00:16]} Bc5 {[%clk 00:55:05]} {[%emt 00:00:05]} 4.
c3 {[%clk 00:54:52]} {[%emt 00:00:08]} Nf6 {[%clk 00:55:02]} {[%emt 00:00:06]}
5. d3 {[%clk 00:54:25]} {[%emt 00:00:33]} d5 {[%clk 00:54:29]} {[%emt
00:00:38]} 6. exd5 {[%clk 00:54:08]} {[%emt 00:00:23]} Nxd5 {[%clk 00:54:25]}
{[%emt 00:00:08]} 7. O-O {[%clk 00:53:09]} {[%emt 00:01:04]} O-O {[%clk
00:54:08]} {[%emt 00:00:22]} 8. Nbd2 {[%clk 00:52:49]} {[%emt 00:00:25]} Bf5
{[%clk 00:53:16]} {[%emt 00:00:56]} 9. Qe2 {[%clk 00:51:31]} {[%emt 00:01:24]}
Nf4 {[%clk 00:52:25]} {[%emt 00:00:55]} 10. Qd1 {[%clk 00:49:50]} {[%emt
00:01:47]} Nxd3 {[%clk 00:51:17]} {[%emt 00:01:13]} 11. Bxd3 {[%clk 00:48:58]}
{[%emt 00:00:57]} Bxd3 {[%clk 00:51:03]} {[%emt 00:00:19]} 12. Re1 {[%clk
00:48:49]} {[%emt 00:00:14]} Re8 {[%clk 00:49:31]} {[%emt 00:01:35]} 13. Qb3
{[%clk 00:47:26]} {[%emt 00:01:30]} b6 {[%clk 00:48:25]} {[%emt 00:01:11]} 14.
Nf1 {[%emt 00:00:39]} e4 {[%clk 00:47:10]} {[%emt 00:01:18]} 15. N3d2 {[%clk
00:46:42]} {[%emt 00:00:16]} Qf6 {[%clk 00:45:41]} {[%emt 00:01:35]} 16. Kh1
{[%clk 00:45:14]} {[%emt 00:01:32]} Qxf2 {[%clk 00:45:25]} {[%emt 00:00:21]}
0-1

[Event "DVM U10 2023"]
[Site "Magdeburg GER"]
[Date "2023.12.27"]
[Round "2"]
[White "Kjulbassanoff, Kilian"]
[Black "Müller, Konstantin"]
[Result "0-1"]
[Termination "normal"]
[Board "6.1"]
[WhiteElo "1224"]
[BlackElo "1614"]
[WhiteClock "00:26:59"]
[BlackClock "00:18:14"]
[WhiteTeam "SV Dresden-Striesen 1990"]
[BlackTeam "SK Münster 32"]
[PlyCount "54"]
[BlackFideId "34661778"]
[EventCountry "GER"]
[EventRounds "7"]
[EventType "team-swiss"]
[EventDate "2023.12.27"]

1. d4 {[%clk 00:55:08]} {[%emt 00:00:02]} Nf6 {[%clk 00:55:03]} {[%emt
00:00:07]} 2. c4 {[%emt 00:00:10]} g6 {[%clk 00:54:45]} {[%emt 00:00:21]} 3.
Nc3 {[%clk 00:55:00]} {[%emt 00:00:11]} d5 {[%clk 00:54:43]} {[%emt 00:00:07]}
4. Nf3 {[%clk 00:54:11]} {[%emt 00:00:53]} Bg7 {[%clk 00:54:35]} {[%emt
00:00:13]} 5. Bf4 {[%clk 00:52:34]} {[%emt 00:01:40]} Bf5 {[%clk 00:52:35]}
{[%emt 00:02:07]} 6. Nd2 {[%clk 00:50:19]} {[%emt 00:02:20]} Nh5 {[%clk
00:50:09]} {[%emt 00:02:32]} 7. Be5 {[%clk 00:47:35]} {[%emt 00:02:48]} Bxe5
{[%clk 00:45:07]} {[%emt 00:05:07]} 8. dxe5 {[%clk 00:47:26]} {[%emt 00:00:14]}
d4 {[%clk 00:42:28]} {[%emt 00:02:44]} 9. Nce4 {[%clk 00:46:42]} {[%emt
00:00:49]} Nc6 {[%clk 00:39:51]} {[%emt 00:02:43]} 10. Rg1 {[%clk 00:42:55]}
{[%emt 00:03:51]} Nxe5 {[%clk 00:37:29]} {[%emt 00:02:28]} 11. Nf3 {[%clk
00:41:47]} {[%emt 00:01:07]} Bxe4 {[%clk 00:35:31]} {[%emt 00:02:08]} 12. Nxe5
{[%clk 00:41:36]} {[%emt 00:00:15]} O-O {[%clk 00:33:48]} {[%emt 00:01:49]} 13.
f3 {[%clk 00:40:59]} {[%emt 00:00:41]} Qd6 {[%emt 00:02:07]} 14. Ng4 {[%clk
00:39:42]} {[%emt 00:00:21]} f5 {[%clk 00:31:11]} {[%emt 00:01:43]} 15. Nf2
{[%clk 00:37:56]} {[%emt 00:01:50]} Qxh2 {[%clk 00:27:06]} {[%emt 00:04:11]}
16. Rh1 {[%clk 00:37:38]} {[%emt 00:00:22]} Qe5 {[%clk 00:24:26]} {[%emt
00:02:45]} 17. fxe4 {[%clk 00:37:22]} {[%emt 00:00:21]} fxe4 {[%clk 00:24:01]}
{[%emt 00:00:30]} 18. Qc2 {[%clk 00:35:19]} {[%emt 00:02:08]} Ng3 {[%clk
00:21:22]} {[%emt 00:02:45]} 19. Rg1 {[%clk 00:31:01]} {[%emt 00:04:23]} Qa5+
{[%clk 00:20:26]} {[%emt 00:01:00]} 20. Kd1 {[%clk 00:30:04]} {[%emt 00:01:02]}
Rxf2 {[%clk 00:20:00]} {[%emt 00:00:32]} 21. b3 {[%clk 00:28:29]} {[%emt
00:01:39]} d3 {[%clk 00:19:31]} {[%emt 00:00:35]} 22. Qb2 {[%clk 00:28:10]}
{[%emt 00:00:23]} dxe2+ {[%clk 00:19:08]} {[%emt 00:00:29]} 23. Bxe2 {[%clk
00:27:51]} {[%emt 00:00:23]} Rd8+ {[%clk 00:18:59]} {[%emt 00:00:14]} 24. Kc1
{[%clk 00:27:32]} {[%emt 00:00:24]} Nxe2+ {[%clk 00:18:35]} {[%emt 00:00:30]}
25. Qxe2 {[%clk 00:27:14]} {[%emt 00:00:22]} Qc3+ {[%clk 00:18:22]} {[%emt
00:00:19]} 26. Kb1 {[%clk 00:26:59]} {[%emt 00:00:20]} Rxe2 {[%clk 00:18:14]}
{[%emt 00:00:13]} 27. Rc1 {[%emt 00:00:26]} Rb2# {[%emt 00:00:08]} 0-1

[Event "DVM U10 2023"]
[Site "Magdeburg GER"]
[Date "2023.12.27"]
[Round "2"]
[White "Schwetz, Emil Oliver"]
[Black "Xu, Yan"]
[Result "1-0"]
[Termination "normal"]
[Board "6.2"]
[WhiteElo "1411"]
[BlackElo "1171"]
[WhiteClock "00:48:01"]
[BlackClock "00:41:15"]
[WhiteTeam "SK Münster 32"]
[BlackTeam "SV Dresden-Striesen 1990"]
[PlyCount "63"]
[WhiteFideId "34664041"]
[BlackFideId "34693424"]
[EventCountry "GER"]
[EventRounds "7"]
[EventType "team-swiss"]
[EventDate "2023.12.27"]

1. e4 {[%clk 00:55:08]} {[%emt 00:00:01]} e5 {[%clk 00:55:06]} {[%emt
00:00:05]} 2. Nf3 {[%clk 00:55:10]} {[%emt 00:00:02]} Nc6 {[%clk 00:55:05]}
{[%emt 00:00:07]} 3. d4 {[%clk 00:55:09]} {[%emt 00:00:06]} exd4 {[%clk
00:55:05]} {[%emt 00:00:05]} 4. Bc4 {[%clk 00:55:08]} {[%emt 00:00:06]} Bc5
{[%clk 00:54:17]} {[%emt 00:00:52]} 5. c3 {[%clk 00:55:03]} {[%emt 00:00:10]}
dxc3 {[%clk 00:54:00]} {[%emt 00:00:23]} 6. Bxf7+ {[%clk 00:55:00]} {[%emt
00:00:07]} Kxf7 {[%clk 00:53:44]} {[%emt 00:00:21]} 7. Qd5+ {[%clk 00:55:00]}
{[%emt 00:00:05]} Ke8 {[%clk 00:53:11]} {[%emt 00:00:38]} 8. Qh5+ {[%clk
00:54:57]} {[%emt 00:00:08]} Kf8 {[%clk 00:52:36]} {[%emt 00:00:33]} 9. Qxc5+
{[%clk 00:54:57]} {[%emt 00:00:12]} d6 {[%clk 00:52:22]} {[%emt 00:00:19]} 10.
Qxc3 {[%clk 00:54:53]} {[%emt 00:00:10]} Be6 {[%clk 00:51:48]} {[%emt
00:00:39]} 11. O-O {[%clk 00:53:43]} {[%emt 00:01:13]} Qd7 {[%clk 00:50:56]}
{[%emt 00:00:58]} 12. Rd1 {[%clk 00:53:23]} {[%emt 00:00:25]} Ke7 {[%clk
00:50:13]} {[%emt 00:00:48]} 13. Qxg7+ {[%clk 00:53:01]} {[%emt 00:00:26]} Bf7
{[%clk 00:50:02]} {[%emt 00:00:17]} 14. Qxh8 {[%clk 00:52:42]} {[%emt
00:00:24]} Nf6 {[%clk 00:48:52]} {[%emt 00:01:15]} 15. Qxa8 {[%clk 00:52:37]}
{[%emt 00:00:09]} Qg4 {[%clk 00:48:26]} {[%emt 00:00:32]} 16. Qxb7 {[%clk
00:52:05]} {[%emt 00:00:37]} Ne5 {[%clk 00:48:07]} {[%emt 00:00:25]} 17. Qxc7+
{[%clk 00:51:35]} {[%emt 00:00:34]} Kf8 {[%clk 00:47:58]} {[%emt 00:00:14]} 18.
Qxd6+ {[%clk 00:51:23]} {[%emt 00:00:16]} Kg7 {[%clk 00:47:33]} {[%emt
00:00:31]} 19. Bh6+ {[%clk 00:51:06]} {[%emt 00:00:22]} Kxh6 {[%clk 00:47:03]}
{[%emt 00:00:35]} 20. Qxf6+ {[%clk 00:51:02]} {[%emt 00:00:10]} Bg6 {[%clk
00:46:02]} {[%emt 00:01:06]} 21. Qh4+ {[%clk 00:50:27]} {[%emt 00:00:38]} Bh5
{[%clk 00:45:21]} {[%emt 00:00:47]} 22. Qxg4 {[%clk 00:49:52]} {[%emt
00:00:40]} Nxg4 {[%clk 00:45:02]} {[%emt 00:00:25]} 23. Rd6+ {[%clk 00:49:42]}
{[%emt 00:00:14]} Bg6 {[%clk 00:44:56]} {[%emt 00:00:12]} 24. Nh4 {[%clk
00:49:34]} {[%emt 00:00:12]} a5 {[%clk 00:44:14]} {[%emt 00:00:48]} 25. Nxg6
{[%clk 00:49:23]} {[%emt 00:00:15]} a4 {[%clk 00:43:53]} {[%emt 00:00:27]} 26.
Ne5+ {[%clk 00:49:10]} {[%emt 00:00:16]} Kg5 {[%clk 00:43:37]} {[%emt
00:00:22]} 27. Nxg4 {[%clk 00:49:06]} {[%emt 00:00:08]} Kxg4 {[%clk 00:43:34]}
{[%emt 00:00:09]} 28. g3 {[%clk 00:48:56]} {[%emt 00:00:14]} h5 {[%clk
00:42:52]} {[%emt 00:00:48]} 29. Rg6+ {[%clk 00:48:40]} {[%emt 00:00:21]} Kh3
{[%clk 00:42:37]} {[%emt 00:00:20]} 30. Rh6 {[%clk 00:48:20]} {[%emt 00:00:24]}
a3 {[%clk 00:41:47]} {[%emt 00:00:57]} 31. f3 {[%clk 00:48:01]} {[%emt
00:00:23]} h4 {[%clk 00:41:15]} {[%emt 00:00:38]} 32. Rxh4# {[%emt 00:00:04]}
1-0